Bridge Watchkeeping / (Record no. 3091)

000 -LEADER
fixed length control field 00678nam a2200265 a 4500
006 - FIXED-LENGTH DATA ELEMENTS--ADDITIONAL MATERIAL CHARACTERISTICS--GENERAL INFORMATION
fixed length control field a||||gr|||| 001 0
007 - PHYSICAL DESCRIPTION FIXED FIELD--GENERAL INFORMATION
fixed length control field ta
008 - FIXED-LENGTH DATA ELEMENTS--GENERAL INFORMATION
fixed length control field 250124r20212023xxka|||gr|||| 001 0 eng d
020 ## - INTERNATIONAL STANDARD BOOK NUMBER
International Standard Book Number 9781906915926
Terms of availability £ 71.00
040 ## - CATALOGING SOURCE
Original cataloging agency IMU Kochi Library
Language of cataloging eng
041 0# - LANGUAGE CODE
Language code of text/sound track or separate title eng
044 ## - COUNTRY OF PUBLISHING/PRODUCING ENTITY CODE
MARC country code United Kingdom
082 04 - DEWEY DECIMAL CLASSIFICATION NUMBER
Edition number 23
Classification number 623.89
Item number B8725
100 1# - MAIN ENTRY--PERSONAL NAME
Personal name Bull, Mark
245 10 - TITLE STATEMENT
Title Bridge Watchkeeping /
250 ## - EDITION STATEMENT
Edition statement 3rd ed.
260 ## - PUBLICATION, DISTRIBUTION, ETC. (IMPRINT)
Place of publication, distribution, etc London :
Name of publisher, distributor, etc The Nautical Institute,
Date of publication, distribution, etc 2021, reprinted 2023
300 ## - PHYSICAL DESCRIPTION
Extent xii, 168 p. :
Other physical details col. ill. ;
Dimensions 24 cm.
650 #0 - SUBJECT ADDED ENTRY--TOPICAL TERM
Topical term or geographic name as entry element Merchant marine
General subdivision Watch duty
650 #0 - SUBJECT ADDED ENTRY--TOPICAL TERM
Topical term or geographic name as entry element Navigation
852 ## - LOCATION/CALL NUMBER
Location IMU Kochi Library
904 ## - LOCAL DATA ELEMENT D, LDD (RLIN)
CATALOGER Rudra Ranjan
905 ## - LOCAL DATA ELEMENT E, LDE (RLIN)
VERIFIER Rudra Ranjan
942 ## - ADDED ENTRY ELEMENTS (KOHA)
Item type Books
Holdings
Withdrawn status Lost status Source of classification or shelving scheme Damaged status Not for loan Collection code Permanent location Current location Shelving location Date acquired Source of acquisition Cost, normal purchase price Total Checkouts Full call number Barcode Date last seen Date last borrowed Koha item type Public note
          Nautical Science IMU Kochi Library IMU Kochi Library Reference 2025-01-24 M/s Sterling Book House (Inv. No. INV/7087 Dt. 15-01-2025) 7494.91 1 623.89 B8725 BK006692 2025-01-31 2025-01-31 Books Shelf-4, Row-3


Copyright © All Rights Reserved by Indian Maritime University, Kochi Campus.
For any Suggestions/Query Contact to library or Email: library.kochi@imu.ac.in Ph:(0484)-2989402
(Web OPAC Designed by Rudra Ranjan. Maintained by IMU Kochi Library)

Powered by Koha